• 首页
  • 本馆介绍
  • 公告通知
  • 最新文献
  • 馆藏检索
  • 电子资源
  • 读者导购
  • 参考咨询
  • 我的图书馆
  • 登录
  • 详细信息显示
  • 放入我的书架
  • 预约/预借图书
  • 作者相关作品
  • 分类相关作品
  • 丛书相关作品
  • 出版社相关作品

书目信息

  • 表格格式
  • 工作单格式
  • 卡片格式
书名: Literature in the language classroom
作者: Joanne Collie and Stephen Slater
分册号:
分册名:
出版地: Cambridge [Cambridgeshire] ;
 
出版社: Cambridge University Press
出版时间: 1987.
页数: vi, 266 p. :
开本: 24 cm.
丛书名: Cambridge handbooks for language teachers
中图分类号:
科图分类号:
其他分类号: H319
主题词:
电子资源:
000 01011nam 2200313 a 4500
001 E0751655874
005 20070225142434.01
008 00110 eng
008 uu
010    @a87009377
020    @a0521312248 (pbk.).
020    @a0521309964.
049    @aN5LA
050 0  @aP51 @b.C614 1987
082 0  @a418/.007 @219
090    @a2-89/H09/C69////////////842830
090    @aH319
096    @aH09 @v2
099    @dH319@ex11
100 10 @aCollie, Joanne.
245 10 @aLiterature in the language classroom / @cJoanne Collie and Stephen Slater
260 0  @aCambridge [Cambridgeshire] ;@aNew York :@bCambridge University Press,@c1987.
300    @avi, 266 p. :@bill. ;@c24 cm.
440  0 @aCambridge handbooks for language teachers
500    @aIncludes index.
504    @aBibliography: p. 263.
650  0 @aPhilology @xStudy and teaching.
700 10 @aSlater, Stephen. @b00 @c20020930 @lNLC09 @h2250 @lNLC09 @h2340 @lNLC09 @h1932
852 9  @bWWJC @cJ08N @k2-89 @hH09 @iC69
    
    Literature in the language classroom / / Joanne Collie and Stephen Slater.-Cambridge [Cambridgeshire] ; ; New York : : Cambridge University Press, , 1987.
    vi, 266 p. : : ill. ; ; 24 cm.- (Cambridge handbooks for language teachers )
    Includes index.-Bibliography: p. 263.
    
    ISBN 0521312248 (pbk.).
    
●
相关链接 在E读中查询图书 在五车中查询图书 在当当中查询图书 在豆瓣中查询图书


正题名:Literature in the language classroom     索取号:H319/x11         预约/预借

序号 登录号 条形码 馆藏地/架位号 状态 备注
1 184021   001200435   第二样本阅览室/ [索取号:H319/x11] 在馆    
2 184022   001200391   第四借阅区/ [索取号:H319/x11] 在馆    
3 184023   001200382   第四借阅区/ [索取号:H319/x11] 在馆    
唐山师范学院图书馆 欢迎您!
大连网信软件有限公司© 版权所有